000 00926nam a2200265Ia 4500
003 OSt
005 20220923211541.0
006 a|||||r|||| 00| 0
007 ta
008 220922b |||||||| |||| 00| 0 pan d
020 _a9789383391448 (hbk)
_c250
024 _a349,467
037 _b1041, 02/02/2019, H.K. Prakashan
_cTextual
040 _aARTS
_cARTS
_bpan
041 _2pan
_apan
082 _aO153,3NSU,MV, Q7
100 _aਸੁਮੈਰਾ, ਸਿਮਰਤ, ਂਚ.
245 0 _aਮੁੜ ਵੀ ਆ ਬਾਨੋ
260 _aਚੰਡੀਗੜ੍ਹ
_b ਲੋਕਗੀਤ ਪ੍ਰਕਾFਨ
_c2017
300 _a140ਪ੍ਰ0
_ccm.
650 _a ਪੰਜਾਬੀ ਕਹਾਣੀ
650 _aਪੰਜਾਬੀ ਸਾਹਿਤ
942 _hO153,3NSU,MV, Q7
_cTEXL
_2CC
999 _c300691
_d300691